[Event "FS IM B"]
[Site "Budapest"]
[Date "1995.10.07"]
[Round "1"]
[White "Farago, S"]
[Black "Schlusnik, N"]
[Result "1-0"]
[WhiteElo "2360"]
[BlackElo "2230"]

1. e4 c5 2. Nf3 d6 3. d4 cxd4 4. Nxd4 Nf6 5. Nc3 g6 6. Be3 Bg7 7. f3 O-O 8.
Qd2 Nc6 9. Bc4 Bd7 10. O-O-O Rc8 11. Bb3 Ne5 12. h4 Nc4 13. Bxc4 Rxc4 14.
g4 h5 15. gxh5 Nxh5 16. Kb1 Re8 17. Nde2 Qa5 18. Bd4 Rec8 19. Bxg7 Kxg7 20.
Rhg1 Qc5 21. Rg5 Qf2 22. Rxh5 gxh5 23. Qg5+ Kh7 24. Qxh5+ Kg7 25. Qg5+ Kh7
26. Rg1 1-0

[Event "FS IM B"]
[Site "Budapest"]
[Date "1995.10.07"]
[Round "1"]
[White "Navarovszky, L"]
[Black "Nikitin, An"]
[Result "1/2-1/2"]
[WhiteElo "2295"]
[BlackElo "2290"]

1. d4 d5 2. c4 dxc4 3. e3 Nf6 4. Bxc4 e6 5. Nc3 a6 6. a4 c5 7. d5 e5 8. a5
Bd6 9. Nge2 O-O 10. O-O e4 11. Ng3 Re8 12. Qc2 Qe7 13. Bd2 h5 14. f4 h4 15.
Nh1 Bf5 16. Nf2 g5 17. g3 Nbd7 18. fxg5 Nh5 19. Be2 hxg3 20. Bxh5 g2 21.
Kxg2 Qxg5+ 22. Bg4 Bxg4 23. Nxg4 Qxg4+ 24. Kh1 Kh8 25. Rf2 f5 26. Ne2 Rg8
27. Bc3+ Kh7 28. Nf4 Ne5 29. Qb3 Rab8 30. Qb6 Nc4 31. Qxd6 Nxd6 32. Raf1
Nc4 33. Rg2 Qh4 34. Rfg1 Rxg2 35. Nxg2 Qf2 36. Be1 Qf3 37. Bg3 Rg8 38. Bf4
Nxb2 39. d6 Nd3 40. d7 Nf2+ 1/2-1/2

[Event "FS IM B"]
[Site "Budapest"]
[Date "1995.10.07"]
[Round "1"]
[White "Kozma, K"]
[Black "Shurygin, S"]
[Result "1/2-1/2"]
[WhiteElo "2310"]
[BlackElo "2365"]

1. d4 d5 2. c4 c6 3. Nf3 e6 4. e3 Bd6 5. Nc3 f5 6. Ne5 Nf6 7. f4 O-O 8. Bd3
Ne4 9. O-O Nd7 10. Bd2 Nxe5 11. fxe5 Nxd2 12. Qxd2 dxc4 13. Bxc4 Bxe5 14.
Qd3 b5 15. dxe5 bxc4 16. Qxd8 Rxd8 17. Rfd1 Rd3 18. Rxd3 cxd3 19. Rd1 Ba6
20. Na4 Rd8 21. Nc5 Bb5 22. Kf2 Kf7 23. a4 Rd5 24. axb5 Rxc5 25. bxc6 Rxc6
26. Rxd3 Rc2+ 27. Kf3 Rxb2 28. Rd7+ Kg6 29. Rxa7 Rb5 30. Kf4 Kh6 31. h4
Rb4+ 32. Kf3 Re4 33. Ra5 Kg6 34. g3 h6 35. Rb5 Kh5 36. Ra5 g5 37. hxg5 hxg5
38. Rb5 Kg6 39. Ra5 Kf7 40. Rb5 Ke7 41. Ra5 Kd7 42. Rc5 Ra4 43. Ke2 g4 44.
Kf2 Re4 45. Ke2 Ke7 46. Kf2 Kf7 47. Ke2 Ra4 48. Kf2 Ke7 49. Ke2 Ra2+ 50.
Kf1 Rd2 51. Kg1 Re2 52. Rc3 Kd7 53. Kf1 Rd2 54. Rc5 Rb2 55. Kg1 Rb6 56. e4
Rb3 57. Kg2 Rb2+ 58. Kf1 Rb3 59. exf5 Rf3+ 60. Kg2 exf5 61. Ra5 Ke6 62. Rb5
Rd3 63. Kf2 Rd2+ 64. Kf1 Rd5 65. Rxd5 Kxd5 66. Ke2 Kxe5 67. Ke3 Ke6 68. Ke2
Kd6 69. Kd2 Ke7 70. Ke3 Ke6 71. Ke2 Kd7 72. Kd3 Kd6 73. Kd2 Kc5 1/2-1/2

[Event "FS IM B"]
[Site "Budapest"]
[Date "1995.10.07"]
[Round "1"]
[White "Majigsuren, D"]
[Black "Krutti, V"]
[Result "1-0"]
[WhiteElo "2155"]
[BlackElo "2355"]

1. e4 c6 2. d4 d5 3. exd5 cxd5 4. c4 Nf6 5. Nc3 e6 6. Nf3 Be7 7. Bd3 dxc4
8. Bxc4 O-O 9. O-O Nc6 10. a3 b6 11. Re1 Bb7 12. Ba2 Rc8 13. Bf4 Na5 14.
Be5 Nc4 15. Qe2 Nd6 16. Rad1 Nde4 17. Nxe4 Nxe4 18. Qd3 Nf6 19. Ng5 g6 20.
Qh3 h5 21. Bxe6 fxe6 22. Qxe6+ Kg7 23. d5 Bc5 24. b4 Bxf2+ 25. Kxf2 Kh6 26.
Nf7+ Rxf7 27. Qxf7 Rc2+ 28. Kg1 Nxd5 29. Bf4+ Nxf4 30. Qxf4+ Qg5 31. Qf8+
1-0

[Event "FS IM B"]
[Site "Budapest"]
[Date "1995.10.08"]
[Round "2"]
[White "Nikitin, An"]
[Black "Majigsuren, D"]
[Result "1-0"]
[WhiteElo "2290"]
[BlackElo "2155"]

1. e4 e5 2. Nf3 Nc6 3. Bc4 Nf6 4. d3 Be7 5. O-O d6 6. c3 Na5 7. Qa4+ c6 8.
Bxf7+ Kxf7 9. b4 b5 10. Qxa5 Qxa5 11. bxa5 Bd8 12. a4 a6 13. Ng5+ Ke7 14.
Ba3 c5 15. f4 h6 16. Nf3 exf4 17. e5 Nd5 18. exd6+ Kxd6 19. d4 Bxa5 20.
axb5 Bb6 21. Ne5 Rf8 22. Nc4+ Ke6 23. Nxb6 1-0

[Event "FS IM B"]
[Site "Budapest"]
[Date "1995.10.08"]
[Round "2"]
[White "Krutti, V"]
[Black "Kozma, K"]
[Result "1-0"]
[WhiteElo "2355"]
[BlackElo "2310"]

1. d4 Nf6 2. c4 g6 3. Nc3 Bg7 4. e4 d6 5. Be2 O-O 6. Bg5 c5 7. d5 h6 8. Bf4
e6 9. dxe6 Bxe6 10. Bxd6 Re8 11. Nf3 Nc6 12. O-O Qb6 13. Na4 Qa5 14. Nxc5
b6 15. Nxe6 Rxe6 16. e5 Ne8 17. Qd5 Rc8 18. Ba3 Qa4 19. Qd1 Qa5 20. c5 b5
21. Nd4 Nxd4 22. Qxd4 Rxe5 23. Qg4 f5 24. Qf3 Kh7 25. b4 Qa4 26. Bd1 Qa6
27. Bb2 Re4 28. Bxg7 Nxg7 29. Qb3 Qf6 30. Bf3 Rf4 31. Rad1 a5 32. bxa5 Rxc5
33. Bb7 b4 34. a6 Rc3 35. Qd5 Qb6 36. Qf7 Rc7 37. Rd7 Rxd7 38. Qxd7 Qa7 39.
Bc8 1-0

[Event "FS IM B"]
[Site "Budapest"]
[Date "1995.10.08"]
[Round "2"]
[White "Schlusnik, N"]
[Black "Navarovszky, L"]
[Result "1/2-1/2"]
[WhiteElo "2230"]
[BlackElo "2295"]

1. e4 c5 2. Nf3 e6 3. d4 cxd4 4. Nxd4 Nf6 5. Nc3 d6 6. Be3 Nc6 7. f3 a6 8.
Qd2 Qc7 9. O-O-O Be7 10. g4 h6 11. h4 1/2-1/2

[Event "FS IM B"]
[Site "Budapest"]
[Date "1995.10.09"]
[Round "3"]
[White "Navarovszky, L"]
[Black "Hetey, L"]
[Result "1-0"]
[WhiteElo "2295"]
[BlackElo "2290"]

1. Nf3 f5 2. b3 d6 3. d4 Nf6 4. g3 g6 5. Bg2 Bg7 6. Bb2 O-O 7. Nbd2 c6 8.
O-O a5 9. a3 h6 10. e3 Nbd7 11. Qe2 d5 12. Nh4 Qe8 13. f4 b6 14. c4 Ba6 15.
Rfc1 Ne4 16. Nhf3 e6 17. Qe1 Ndf6 18. Ne5 Nxd2 19. Qxd2 Ne4 20. Bxe4 fxe4
21. c5 Bxe5 22. dxe5 bxc5 23. Rxc5 a4 24. bxa4 Bc4 25. a5 g5 26. Qd1 gxf4
27. gxf4 Kh8 28. Kh1 Rg8 29. f5 exf5 30. Rxc4 dxc4 31. Qd6 Kh7 32. e6 Ra7
33. Qc5 Re7 34. Rd1 Rg5 35. Bf6 Rxe6 36. Bxg5 hxg5 37. Qxf5+ Qg6 38. Rd7+
Kh8 39. Qf8+ Qg8 40. Qc5 Rf6 41. Qe5 Qf8 42. a6 c3 43. a7 c2 44. Qxf6+ 1-0

[Event "FS IM B"]
[Site "Budapest"]
[Date "1995.10.09"]
[Round "3"]
[White "Majigsuren, D"]
[Black "Schlusnik, N"]
[Result "1-0"]
[WhiteElo "2155"]
[BlackElo "2230"]

1. e4 c5 2. Nf3 d6 3. d4 cxd4 4. Nxd4 Nf6 5. Nc3 g6 6. Be2 Bg7 7. O-O O-O
8. Be3 Nbd7 9. Nb3 a6 10. f4 b5 11. Bf3 Bb7 12. a3 Qc7 13. Qe2 e5 14. Rad1
exf4 15. Bxf4 Ne5 16. Bxe5 dxe5 17. Rd2 Bc8 18. Qe3 Be6 19. Nc5 Qb6 20.
Rfd1 Rfc8 21. b4 Bf8 22. Nd5 Bxd5 23. exd5 Bd6 24. Kh1 Nd7 25. Bg4 Rxc5 26.
bxc5 Nxc5 27. Rf1 f5 28. Bxf5 gxf5 29. Qg5+ Kh8 30. Qf6+ Kg8 31. Rxf5 Ne4
32. Qf7+ Kh8 33. Rh5 1-0

[Event "FS IM B"]
[Site "Budapest"]
[Date "1995.10.10"]
[Round "4"]
[White "Farago, S"]
[Black "Navarovszky, L"]
[Result "1/2-1/2"]
[WhiteElo "2360"]
[BlackElo "2295"]

1. d4 e6 2. e4 d5 3. exd5 exd5 4. Bd3 Bd6 5. c3 c6 6. Nf3 Bg4 7. O-O Ne7 8.
Nbd2 O-O 9. Qc2 Ng6 10. Re1 Nd7 11. Bf5 Bxf5 12. Qxf5 Re8 13. Rxe8+ Qxe8
14. Nf1 Qe7 15. Bd2 Re8 16. Re1 Qd8 17. Rxe8+ Qxe8 18. Ng3 Bxg3 19. hxg3
Nf6 20. Bg5 Ne4 21. Bf4 Nf6 22. Bg5 Ne4 23. Bf4 1/2-1/2

[Event "FS IM B"]
[Site "Budapest"]
[Date "1995.10.10"]
[Round "4"]
[White "Nikitin, An"]
[Black "Zaitsev, V"]
[Result "0-1"]
[WhiteElo "2290"]
[BlackElo "2350"]

1. d4 Nf6 2. c4 g6 3. Nf3 Bg7 4. Nc3 O-O 5. e4 d6 6. Be2 Bg4 7. O-O Nc6 8.
Be3 Nd7 9. h3 Bxf3 10. Bxf3 e5 11. d5 Nd4 12. Nb5 Nxb5 13. cxb5 f5 14. Qc2
f4 15. Bd2 Nf6 16. Rfc1 Rf7 17. a4 h5 18. Ra3 Qd7 19. Rc3 Rc8 20. Be2 g5
21. a5 b6 22. axb6 axb6 23. f3 Bf8 24. Ra3 Rg7 25. Qc6 Qf7 26. Ra8 Rxa8 27.
Qxa8 Qd7 28. Qc6 Qd8 29. Kf1 g4 30. hxg4 hxg4 31. Ke1 Rh7 32. Kd1 Rh2 33.
Bf1 Nh5 34. fxg4 Ng3 35. Qc4 Qh4 36. Kc2 Qxg4 37. Kb1 Nxf1 38. Rxf1 Rxg2
39. Kc1 Qe2 40. Qxe2 Rxe2 41. Re1 Rg2 42. Kd1 Rh2 43. Re2 Rh1+ 44. Be1 Be7
45. Rg2+ Kh7 46. Ke2 f3+ 47. Kxf3 Rxe1 48. Rc2 Bd8 49. Rc4 Kg6 50. Kg4 Bg5
51. Kf3 Rc1 0-1

[Event "FS IM B"]
[Site "Budapest"]
[Date "1995.10.10"]
[Round "4"]
[White "Krutti, V"]
[Black "Touzane, O"]
[Result "0-1"]
[WhiteElo "2355"]
[BlackElo "2250"]

1. d4 Nf6 2. c4 g6 3. Nc3 Bg7 4. e4 d6 5. f3 O-O 6. Bg5 c5 7. d5 a6 8. a4
Qa5 9. Ra3 e6 10. Nge2 exd5 11. cxd5 Nbd7 12. Ng3 Re8 13. Be2 h5 14. O-O
Nh7 15. Be3 Rb8 16. Nh1 Qc7 17. a5 b5 18. axb6 Rxb6 19. Qd2 Rb4 20. Rc1 Qb8
21. Rc2 c4 22. Nd1 Ne5 23. Nhf2 f5 24. f4 Nd3 25. Nxd3 cxd3 26. Bxd3 fxe4
27. Bxa6 Bxa6 28. Rxa6 Nf6 29. h3 Nd7 30. Qe2 Nb6 31. Bd2 Nxd5 32. Rc4 Qb5
33. Bxb4 Qxa6 34. Ba3 Nxf4 35. Qc2 d5 36. Rc6 Qd3 0-1

[Event "FS IM B"]
[Site "Budapest"]
[Date "1995.10.11"]
[Round "5"]
[White "Zaitsev, V"]
[Black "Schlusnik, N"]
[Result "1-0"]
[WhiteElo "2350"]
[BlackElo "2230"]

1. Nf3 Nf6 2. g3 b6 3. Bg2 Bb7 4. O-O c5 5. d3 e6 6. Nbd2 d5 7. e4 Nc6 8.
Re1 Be7 9. e5 Nd7 10. h4 Qc7 11. Qe2 O-O 12. c3 b5 13. Nf1 Rfe8 14. Bf4 Nf8
15. h5 a5 16. N1h2 a4 17. Ng4 Nd7 18. d4 a3 19. b3 Qb6 20. Rad1 cxd4 21.
cxd4 Bb4 22. Rf1 Ba6 23. Qd3 Be7 24. Rfe1 Rac8 25. Rd2 Nb4 26. Qb1 Rc3 27.
Bg5 Qd8 28. Bxe7 Qxe7 29. h6 g6 30. Re3 Rec8 31. Rxc3 Rxc3 32. Qe1 Qf8 33.
Re2 Qc8 34. Qd2 Rc1+ 35. Kh2 Nxa2 36. Qg5 Nb4 37. Qe7 Nc6 38. Qxd7 Qxd7 39.
Nf6+ Kf8 40. Nxd7+ Ke7 41. Nc5 Nb4 42. Nxa6 Nc2 43. Ne1 Nxd4 44. Ra2 Rxe1
45. Rxa3 Rxe5 46. Nc5 b4 47. Ra7+ Kd6 48. Nd3 Rh5+ 49. Kg1 Nxb3 50. Rxf7
Rxh6 51. Nxb4 Nd2 52. Ra7 Kc5 53. Nc2 Nc4 54. Bf1 Nd2 55. Ra5+ Kd6 56. Ra6+
Ke5 57. f4+ Kf5 58. Ne3+ Ke4 59. Rxe6+ Kf3 60. Bg2+ Kxg3 61. Nf5+ gxf5 62.
Rxh6 d4 63. Rh3+ Kxf4 64. Rd3 Ne4 65. Rxd4 h5 66. Ra4 Ke3 67. Ra5 f4 68.
Ra3+ 1-0

[Event "FS IM B"]
[Site "Budapest"]
[Date "1995.10.11"]
[Round "5"]
[White "Kozma, K"]
[Black "Hetey, L"]
[Result "1/2-1/2"]
[WhiteElo "2310"]
[BlackElo "2290"]

1. Nf3 f5 2. g3 Nf6 3. Bg2 g6 4. O-O Bg7 5. c4 O-O 6. Nc3 d6 7. d3 e5 8.
Rb1 Nc6 9. b4 Nd4 10. Nxd4 exd4 11. Nd5 Ng4 12. b5 a6 13. a4 Bd7 14. Ba3
axb5 15. cxb5 c5 16. bxc6 Bxc6 17. Nb6 Ra6 18. Qb3+ Kh8 19. Nc4 d5 20. Bxf8
Bxf8 21. Nb6 Nf6 22. Rfc1 Ra5 23. Qb2 Bc5 24. Rxc5 Rxc5 25. Qxd4 Qe7 26.
Nc8 Qf8 27. Na7 Qd6 28. e4 fxe4 29. dxe4 Rc4 30. Qb2 dxe4 31. Nxc6 Qxc6 32.
Bf1 Rc2 33. Qd4 Qc3 34. Qxc3 Rxc3 35. Rxb7 Ra3 36. Ra7 Ra1 37. Rf7 Ng4 38.
Rf4 e3 39. fxe3 1/2-1/2

[Event "FS IM B"]
[Site "Budapest"]
[Date "1995.10.11"]
[Round "5"]
[White "Majigsuren, D"]
[Black "Farago, S"]
[Result "0-1"]
[WhiteElo "2155"]
[BlackElo "2360"]

1. e4 c5 2. Nf3 d6 3. d4 cxd4 4. Nxd4 Nf6 5. Nc3 g6 6. Be2 Bg7 7. O-O O-O
8. Be3 a6 9. a4 Nbd7 10. Nb3 b6 11. f4 Bb7 12. Bf3 Qc7 13. g4 Nc5 14. Nxc5
bxc5 15. Rb1 e6 16. g5 Nd7 17. f5 Be5 18. Qd2 gxf5 19. exf5 d5 20. Qg2 Nb6
21. f6 Nc4 22. Bc1 Kh8 23. Qh3 Rg8 24. Be2 Nd6 25. Bd3 Ne4 26. Qh4 c4 27.
Bxe4 dxe4 28. Be3 Rg6 29. Kf2 Rag8 30. Rg1 Qc6 31. Rg4 Bxf6 32. Rbg1 Be5
33. Nxe4 Qxa4 34. b3 Qa2 35. bxc4 Qxc2+ 36. Nd2 f5 37. gxf6 Qf5+ 38. Ke2
Rxg4 39. f7 Rg2+ 0-1

[Event "FS IM B"]
[Site "Budapest"]
[Date "1995.10.12"]
[Round "6"]
[White "Navarovszky, L"]
[Black "Majigsuren, D"]
[Result "1-0"]
[WhiteElo "2295"]
[BlackElo "2155"]

1. d4 Nf6 2. c4 g6 3. Nf3 Bg7 4. g3 d5 5. cxd5 Nxd5 6. Bg2 O-O 7. O-O c6 8.
Nc3 Nxc3 9. bxc3 c5 10. Be3 cxd4 11. Nxd4 Qa5 12. Qb3 e5 13. Nb5 Be6 14.
Qb4 Nc6 15. Bxc6 Qxb4 16. cxb4 bxc6 17. Nxa7 Bd5 18. Rac1 Rfb8 19. a3 Bf8
20. Rfd1 Rb7 21. Nxc6 Bxc6 22. Rxc6 Rxa3 23. Rd8 Kg7 24. Bg5 Bxb4 25. Bf6+
Kh6 26. Rc4 g5 27. h4 Be7 28. hxg5+ Kg6 29. Rg8+ Kf5 30. g4+ Ke6 31. Re8
Ra6 32. Re4 Ra5 33. f4 Kd6 34. Bxe5+ Kd7 35. Rxe7+ 1-0

[Event "FS IM B"]
[Site "Budapest"]
[Date "1995.10.12"]
[Round "6"]
[White "Schlusnik, N"]
[Black "Touzane, O"]
[Result "0-1"]
[WhiteElo "2230"]
[BlackElo "2250"]

1. Nf3 g6 2. g3 Bg7 3. Bg2 e5 4. d3 Nc6 5. c4 Nf6 6. Nc3 O-O 7. O-O d6 8.
e4 a6 9. h3 Rb8 10. a4 Nb4 11. Na2 Nxa2 12. Rxa2 b5 13. axb5 axb5 14. b3
Nd7 15. d4 bxc4 16. bxc4 exd4 17. Nxd4 Bb7 18. Kh2 Re8 19. Ba3 Ra8 20. f3
Nb6 21. Qd3 Ra4 22. Rc1 h5 23. Nb5 h4 24. c5 hxg3+ 25. Kh1 dxc5 26. Qxd8
Rxd8 27. Rac2 Ba6 0-1

[Event "FS IM B"]
[Site "Budapest"]
[Date "1995.10.13"]
[Round "7"]
[White "Touzane, O"]
[Black "Hetey, L"]
[Result "1-0"]
[WhiteElo "2250"]
[BlackElo "2290"]

1. d4 f5 2. Bg5 h6 3. Bh4 g5 4. e4 Bg7 5. Bg3 fxe4 6. h4 Nf6 7. hxg5 hxg5
8. Rxh8+ Bxh8 9. Qd2 d5 10. Qxg5 Be6 11. Nc3 Nc6 12. O-O-O Kd7 13. f3 Qg8
14. Qh4 exf3 15. Nxf3 Ng4 16. Bf4 Rf8 17. Qg3 Nf2 18. Qxf2 Rxf4 19. Bb5 Bg4
20. Qg3 Rf5 21. Bd3 Rh5 22. Nb5 e5 23. dxe5 Bxe5 24. Nxe5+ Nxe5 25. Rf1
Qg5+ 26. Kb1 a6 27. Nd4 c5 28. Nf5 Bxf5 29. Qxe5 Bxd3 30. Rf7+ Kc6 31. Qc7+
Kb5 32. a4+ Kxa4 33. Qxc5 Bxc2+ 34. Qxc2+ Ka5 35. b4+ 1-0

[Event "FS IM B"]
[Site "Budapest"]
[Date "1995.10.13"]
[Round "7"]
[White "Shurygin, S"]
[Black "Schlusnik, N"]
[Result "0-1"]
[WhiteElo "2365"]
[BlackElo "2230"]

1. c4 e6 2. Nc3 d5 3. d4 c6 4. e4 dxe4 5. Nxe4 Bb4+ 6. Nc3 Nf6 7. Nf3 Ne4
8. Qc2 Qa5 9. Qxe4 Bxc3+ 10. Bd2 Bxd2+ 11. Nxd2 Nd7 12. Bd3 c5 13. d5 Nf6
14. Qe3 O-O 15. d6 Rd8 16. O-O Qb6 17. Nb3 Rxd6 18. Rad1 Rc6 19. Rd2 Bd7
20. Rfd1 Rcc8 21. Bc2 Ba4 22. h3 Bxb3 23. Bxb3 Qc7 24. Ba4 b6 25. Rd7 Nxd7
26. Rxd7 Qb8 27. Qe4 Rd8 28. Rb7 Qd6 29. Bc2 g6 30. Qf3 Rf8 31. h4 Qe5 32.
b3 Rad8 33. Be4 Rd4 34. Bc6 Rxh4 35. Qe3 0-1

[Event "FS IM B"]
[Site "Budapest"]
[Date "1995.10.13"]
[Round "7"]
[White "Zaitsev, V"]
[Black "Farago, S"]
[Result "1/2-1/2"]
[WhiteElo "2350"]
[BlackElo "2360"]

1. Nf3 c5 2. g3 d5 3. Bg2 Nc6 4. d4 Nf6 5. O-O e6 6. c4 dxc4 7. Qa4 Bd7 8.
Qxc4 b5 9. Qd3 c4 10. Qd1 Rc8 11. Ne1 Bd6 12. Bg5 1/2-1/2

[Event "FS IM B"]
[Site "Budapest"]
[Date "1995.10.14"]
[Round "8"]
[White "Navarovszky, L"]
[Black "Zaitsev, V"]
[Result "1/2-1/2"]
[WhiteElo "2295"]
[BlackElo "2350"]

1. Nf3 g6 2. c4 Bg7 3. Nc3 d6 4. g3 Nf6 5. Bg2 O-O 6. O-O Nc6 7. d4 a6 8.
d5 Na5 9. b3 c5 10. dxc6 bxc6 11. Bb2 Rb8 12. Nd4 Bb7 13. Nc2 c5 14. Bxb7
Rxb7 15. Nd5 Nxd5 1/2-1/2

[Event "FS IM B"]
[Site "Budapest"]
[Date "1995.10.14"]
[Round "8"]
[White "Hetey, L"]
[Black "Shurygin, S"]
[Result "1/2-1/2"]
[WhiteElo "2290"]
[BlackElo "2365"]

1. d4 d5 2. c4 c6 3. Nf3 e6 4. Nbd2 f5 5. g3 Bd6 6. Bg2 Nd7 7. O-O Ngf6 8.
b3 Ne4 9. Bb2 O-O 10. e3 b6 11. Nxe4 fxe4 12. Nd2 Ba6 13. f3 exf3 14. Rxf3
Rxf3 15. Bxf3 Qg5 16. e4 Bb4 17. Nf1 Rf8 18. a3 Be7 19. Bg4 Qg6 20. exd5
cxd5 21. Qe2 Rf6 22. Re1 Nf8 23. Bh5 Qf5 24. Bg4 Qg6 25. Bh5 Qf5 26. Bg4
1/2-1/2

[Event "FS IM B"]
[Site "Budapest"]
[Date "1995.10.14"]
[Round "8"]
[White "Schlusnik, N"]
[Black "Krutti, V"]
[Result "1-0"]
[WhiteElo "2230"]
[BlackElo "2355"]

1. e4 c5 2. Nf3 Nc6 3. d4 cxd4 4. Nxd4 g6 5. Nc3 Bg7 6. Be3 Nf6 7. Bc4 O-O
8. Bb3 Ng4 9. Qxg4 Nxd4 10. Qh4 d6 11. O-O Be6 12. Rfd1 Bxb3 13. Bxd4 Be6
14. Bxg7 Kxg7 15. e5 d5 16. Qd4 Qc8 17. Qb4 Re8 18. Nxd5 Bxd5 19. Rxd5 Qxc2
20. h3 b6 21. Rd7 Rad8 22. Rxe7 Rxe7 23. Qxe7 Qxb2 24. Qf6+ Kh6 25. Rf1 Rd7
26. g4 Qe2 27. Kg2 Rd5 28. g5+ Kh5 29. Qxf7 Rxe5 30. Qxh7+ Kxg5 31. h4+ Kf6
32. Qh8+ Kf5 33. Qf8+ Ke4 34. Qb4+ Kf5 35. Qf8+ Kg4 36. Re1 1-0

[Event "FS IM B"]
[Site "Budapest"]
[Date "1995.10.15"]
[Round "9"]
[White "Shurygin, S"]
[Black "Farago, S"]
[Result "1/2-1/2"]
[WhiteElo "2365"]
[BlackElo "2360"]

1. Nf3 c5 2. c4 Nc6 3. Nc3 g6 4. g3 Bg7 5. Bg2 e5 6. a3 Nge7 7. Rb1 a5 8.
d3 d6 9. O-O O-O 10. Ne1 Be6 11. Nc2 d5 12. cxd5 Nxd5 13. Nxd5 Bxd5 14.
Bxd5 Qxd5 15. b4 axb4 16. axb4 cxb4 17. Nxb4 Qb5 18. Bd2 Ne7 19. Nc2 Qd7
20. Ne3 Rfb8 21. Qb3 b5 22. Rfc1 e4 23. Rc5 exd3 24. Qxd3 Qe6 25. Bc3 Ra3
26. Qc2 Bxc3 27. Rxc3 Rxc3 28. Qxc3 Nd5 29. Nxd5 Qxd5 30. f3 1/2-1/2

[Event "FS IM B"]
[Site "Budapest"]
[Date "1995.10.16"]
[Round "10"]
[White "Kozma, K"]
[Black "Zaitsev, V"]
[Result "1-0"]
[WhiteElo "2310"]
[BlackElo "2350"]

1. d4 g6 2. e4 Bg7 3. c3 d6 4. Bd3 a6 5. Nf3 c5 6. h3 Nc6 7. d5 Nb8 8. O-O
Nf6 9. a4 O-O 10. c4 e5 11. Nc3 Nh5 12. Re1 Nd7 13. Qc2 Rb8 14. Bd2 Nf4 15.
Bf1 h6 16. Rab1 Re8 17. g3 Nh5 18. Bg2 Nf8 19. Qc1 Kh7 20. g4 Nf4 21. Bxf4
exf4 22. Qxf4 g5 23. Qd2 Ng6 24. e5 Nxe5 25. Nxe5 Bxe5 26. Qd3+ Kg7 27. Ne4
Bd7 28. b3 f5 29. Ng3 Bxg3 30. Qxg3 Qf6 31. Rxe8 Rxe8 32. b4 cxb4 33. Rxb4
Re1+ 34. Kh2 Bc8 35. Rb6 Rc1 36. Rxd6 Qc3 37. Rd8 Qxg3+ 38. fxg3 Rxc4 39.
d6 Be6 40. Re8 Kf7 41. Re7+ Kf6 42. Rxe6+ Kxe6 43. Bd5+ Kxd5 44. d7 fxg4
45. d8=Q Kc5 46. Qc8+ Kd4 47. Qxg4+ Kc3 48. Qf3+ Kc2 49. Qxb7 Rxa4 50. Qc6+
Kb3 51. Qxh6 Ra2+ 52. Kg1 a5 53. Qxg5 a4 54. Qd5+ Kb2 55. Qd4+ Kb3 56. h4
a3 57. Qd5+ Kb2 58. h5 Ra1+ 59. Kg2 Rc1 60. Qd4+ Rc3 61. h6 a2 62. h7 a1=Q
63. Qxc3+ 1-0

[Event "FS IM B"]
[Site "Budapest"]
[Date "1995.10.17"]
[Round "11"]
[White "Touzane, O"]
[Black "Kozma, K"]
[Result "1/2-1/2"]
[WhiteElo "2250"]
[BlackElo "2310"]

1. d4 Nf6 2. c4 g6 3. Nc3 Bg7 4. e4 d6 5. f4 O-O 6. Nf3 c5 7. d5 e6 8. Be2
exd5 9. cxd5 b5 10. e5 dxe5 11. fxe5 Ng4 12. Bf4 Nd7 13. Bxb5 Ndxe5 14.
Nxe5 Nxe5 15. O-O c4 16. Qe2 Qb6+ 17. Be3 1/2-1/2

[Event "FS IM B"]
[Site "Budapest"]
[Date "1995.10.17"]
[Round "11"]
[White "Shurygin, S"]
[Black "Majigsuren, D"]
[Result "1-0"]
[WhiteElo "2365"]
[BlackElo "2155"]

1. c4 Nf6 2. Nc3 d5 3. cxd5 Nxd5 4. Nf3 g6 5. Qa4+ Bd7 6. Qh4 Nxc3 7. dxc3
Nc6 8. e4 e5 9. Qg3 Bg7 10. h4 h6 11. Be2 Qe7 12. h5 g5 13. Nh2 O-O-O 14.
Bg4 f5 15. Bxf5 Bxf5 16. exf5 Nd4 17. cxd4 exd4+ 18. Kd1 d3 19. Qe3 Qb4 20.
Bd2 Qxb2 21. Qe6+ Kb8 22. Rc1 Rhe8 23. Qb3 Qd4 24. Be3 Rxe3 25. fxe3 Qxe3
26. Qe6 Qd4 27. Nf3 Qa4+ 28. Qb3 Qe8 29. Re1 Qxh5 30. Qc4 c6 31. Kd2 Bf6
32. Rh1 Qe8 33. Rce1 Qf8 34. Re3 Qa3 35. Rxd3 Qb2+ 36. Qc2 Bc3+ 37. Kd1
Qa1+ 38. Ke2 Re8+ 39. Kf2 Qxh1 40. Qxc3 Qb1 41. Qd2 Qb6+ 42. Rd4 a6 43. Qb4
Qxb4 44. Rxb4 Kc7 45. Rb1 c5 46. Rh1 Rf8 47. g4 Rf6 48. Ke3 Kd6 49. Ke4 c4
50. Rd1+ Kc5 51. Ne5 Kb4 52. Rb1+ Ka3 1-0

[Event "FS IM B"]
[Site "Budapest"]
[Date "1995.10.17"]
[Round "11"]
[White "Krutti, V"]
[Black "Navarovszky, L"]
[Result "1/2-1/2"]
[WhiteElo "2355"]
[BlackElo "2295"]

1. e4 e5 2. Nf3 Nc6 3. Bb5 a6 4. Ba4 Nf6 5. O-O Be7 6. Re1 b5 7. Bb3 d6 8.
c3 O-O 9. h3 Na5 10. Bc2 c5 11. d4 Qc7 12. Nbd2 cxd4 13. cxd4 Bb7 1/2-1/2

[Event "FS IM B"]
[Site "Budapest"]
[Date "1995.10.17"]
[Round "11"]
[White "Schlusnik, N"]
[Black "Hetey, L"]
[Result "0-1"]
[WhiteElo "2230"]
[BlackElo "2290"]

1. e4 Nf6 2. Nc3 d5 3. exd5 Nxd5 4. Bc4 c6 5. Nxd5 cxd5 6. Bb3 Nc6 7. d4
Bf5 8. Nf3 e6 9. Bf4 Be7 10. h3 O-O 11. c3 b5 12. O-O Rc8 13. a3 Bg6 14.
Bc2 Na5 15. Bxg6 hxg6 16. Qd3 Qb6 17. Ra2 Nc4 18. b3 Nd6 19. Rc1 a5 20.
Bxd6 Bxd6 21. g3 Rc6 22. c4 bxc4 23. bxc4 dxc4 24. Rxc4 Rfc8 25. Rxc6 Qxc6
26. Kg2 Be7 27. Rd2 Qd5 28. Rb2 a4 29. Rb5 Qc6 30. d5 exd5 31. Ne5 Qe6 32.
Qxd5 Qxd5+ 33. Rxd5 Bxa3 34. Ra5 Bd6 35. Ng4 a3 36. h4 f6 37. Ne3 Bf8 38.
Ra4 Rc3 39. Nd5 Rd3 40. Nf4 Rd2 41. Ra8 Kf7 42. Ra7+ Ke8 43. Ra8+ Rd8 44.
Ra5 Kf7 45. Ra7+ Be7 46. Kf3 g5 47. hxg5 fxg5 48. Ne2 Ke6 49. Ke4 Bc5 50.
Ra6+ Kd7 51. Kd5 Be7 52. Nc3 Kc7+ 53. Kc4 Kb7 54. Ra4 Rd2 55. Nb5 Rc2+ 56.
Kb3 Rxf2 57. Ra7+ Kb6 58. Rxe7 a2 59. Ra7 Kxb5 60. Kc3 g4 61. Ra8 Rg2 62.
Rb8+ Kc6 63. Ra8 Kd5 64. Ra4 Ke5 65. Kb3 g5 66. Kc3 Rxg3+ 67. Kb2 Rg2+ 68.
Ka1 Rg1+ 69. Kxa2 g3 0-1